| 000 | 01250cam a2200241 4500 | ||
|---|---|---|---|
| 001 | WB4016-17 | ||
| 008 | 040427n2004 000 0 eng u | ||
| 035 | _a(Sirsi) u126023 | ||
| 245 | _aProgressing Scottish BIDs | ||
| 260 | _c2004 | ||
| 490 |
_aScottish Executive News Release _v(SEEL317b/2004)22 April 2004 (3) |
||
| 520 | _aA working group involving both private and public sector stakeholders has been set up to progress the introduction of Business Improvement Districts (BIDs) in Scotland. This follows on the very positive response to the BIDs consultation completed in October 2003. The working group's remit is to make recommendations on the involvement of property owners, the introduction of pilot projects, the production of a draft guidance document and the use of BIDs in rural areas. Analysis of consultation responses is available at http://www.scotland.gov.uk/library5/finance/bidres ponses.pdf. http://www.scotland.gov.uk/pages/news/2004/04/SEEL 317b.aspx | ||
| 590 | _aWB | ||
| 590 | _aWB | ||
| 650 | _aBUSINESS IMPROVEMENT DISTRICTS | ||
| 650 | _aSCOTLAND | ||
| 650 | _aPROPERTY OWNERS | ||
| 650 | _aPILOT PROJECT | ||
| 650 | _aDRAFT GUIDANCE | ||
| 650 | _aRURAL AREAS | ||
| 690 | _aREGENERATION | ||
| 942 | _n0 | ||
| 999 |
_c117254 _d117254 |
||